000
00325nam a22001457a 4500
003
SGT
020
_a
9788189612139
082
_a
659
_b
E17G
100
_a
GAUR,MM
245
_a
ELECTRONIC MEDIA
260
_a
NEW DELHI
_b
INDIAN PUBLICATION NEW DELHI
_c
2017
300
_a
248
650
_a
MASS COMMUNICATION
942
_2
ddc
_c
BK
999
_c
13033
_d
13033